| 000 | | | 04764nmc2a22002891x 450 |
| 001 | | | 046662f5-7ef0-44ea-a04f-92087903d9fe |
| 005 | | | 20131115121127.0 |
| 100 | ## | $a | 20130605l19131913k y0rusy50 ca |
| 101 | 0# | $a | rus |
| 102 | ## | $a | RU |
| 105 | ## | $a | a z |||e| |
| 122 | 2# | $a | d19130121 |
| | $a | d19130501 |
| 200 | 1# | $a | Переписка Постоянного совета с губернскими предводителями дворянства и с председателями губернских земских управ о предоставлении сведений о преступности, доклад Постоянного совета IX съезду уполномоченных о преступности |
| | $j | 21 января - 1 мая 1913 |
| 215 | ## | $a | 266 листов |
| | $c | табл. |
| 251 | ## | $c | Дело |
| 300 | ## | $a | Заголовок дела на вложенных папках: Переписка Постоянного совета с губернскими предводителями дворянства и с председателями губернских земских управ о предоставлении сведений о развитии хулиганства в России, доклад Постоянного совета IX съезду уполномоченных о преступности; О мерах борьбы с хулиганством |
| 300 | ## | $a | Часть документов рукописная, часть машинописная, часть напечатана типографским способом |
| 330 | ## | $a | I. Материалы съездов объединенных дворянских обществ /1906-1917 гг./ |
| 461 | #0 | $1 | 001b6db1e6b-efcc-4108-961b-a8f75be6354f |
| | $1 | 2001 |
| | $a | Постоянный совет объединенных дворянских обществ |
| | $1 | 251 |
| | $c | Фонд |
| | $1 | 852 |
| | $j | 434 |
| 462 | #0 | $1 | 001376737bd-14a2-4097-a3d5-a02b2aa0e2d3 |
| | $1 | 2001 |
| | $a | Постоянный совет объединенных дворянских обществ. 1906-1917 гг. |
| | $1 | 251 |
| | $c | Опись |
| | $1 | 852 |
| | $j | 1 |
| 517 | ## | $a | Переписка Постоянного совета с губернскими предводителями дворянства и с председателями губернских земских управ о предоставлении сведений о развитии хулиганства в России, доклад Постоянного совета IX съезду уполномоченных о преступности |
| 517 | ## | $a | О мерах борьбы с хулиганством |
| 601 | 02 | $3 | RU\NLR\AUTH\8810165427 |
| | $a | Постоянный совет объединенных дворянских обществ |
| | $c | Петербург |
| 601 | 12 | $3 | RU\NLR\AUTH\8810165444 |
| | $a | Съезд уполномоченных дворянских обществ |
| | $d | 9 |
| | $f | 1913 |
| | $e | Санкт-Петербург |
| 801 | #0 | $a | RU |
| | $b | GA_RF |
| 801 | #1 | $a | RU |
| | $b | НПО Опыт |
| | $c | 20130605 |
| | $2 | rusmarc |
| 801 | #2 | $a | RU |
| | $b | ПБ им. Б.Н. Ельцина |
| | $c | 20131115 |
| | $g | RCR |
| | $2 | rusmarc |
| 852 | ## | $a | ГА РФ |
| | $j | 38 |
| 937 | ## | $d | 41684983 |
| | $h | ПБ |
| 035 | ## | $a | RuPRLIB51007109 |